Sérioví vrazi : odhalení nejznámějších případů vražd na světě /

Hlavní autor: Lewis, Brenda Ralph, 1954-
Jazyk: Čeština
Vydáno: Praha : Naše vojsko, 2012
Témata:
Externí odkaz: Digitalizovaný dokument
Fyzický popis: 187 s. : il., mapy, portréty ; 31 cm
Knihy
Uloženo v:
LEADER 01712cam a2200445 a 4500
001 nkc20122344597
003 CZ PrNK
005 20180621235006.0
007 ta
008 120210s2012 xr abc e 000 1 cze d
015 |a cnb002344597 
020 |a 978-80-206-1266-3  |q (váz.) 
035 |a (OCoLC)798993381 
040 |a KLG001  |b cze  |d BOA001  |d ABA001 
041 1 |a cze  |h eng 
072 7 |a 343.9  |x Kriminalistika  |2 Konspekt  |9 16 
080 |a 343.611-051  |2 MRF 
080 |a 343.611  |2 MRF 
080 |a 343.9  |2 MRF 
080 |a (0:82-96)  |2 MRF 
100 1 |a Lewis, Brenda Ralph,  |d 1954-  |7 mzk2005309190  |4 aut 
245 1 0 |a Sérioví vrazi :  |b odhalení nejznámějších případů vražd na světě /  |c Brenda Ralph Lewisová ; [z anglického originálu ... přeložila Hana Šuláková] 
246 3 0 |a Odhalení nejznámějších případů vražd na světě 
260 |a Praha :  |b Naše vojsko,  |c 2012 
300 |a 187 s. :  |b il., mapy, portréty ;  |c 31 cm 
650 0 7 |a sérioví vrazi  |7 ph274687  |2 czenas 
650 0 7 |a sériové vraždy  |7 ph166559  |2 czenas 
650 0 7 |a kriminalistika  |7 ph115011  |2 czenas 
650 0 9 |a serial murderers  |2 eczenas 
650 0 9 |a serial murders  |2 eczenas 
650 0 9 |a criminal investigation  |2 eczenas 
655 7 |a literatura faktu  |7 fd132773  |2 czenas 
655 9 |a non-fiction  |2 eczenas 
765 0 |t Mapping the trail of a serial killer  |9 Česky 
856 4 1 |u http://www.digitalniknihovna.cz/mzk/uuid/uuid:e2a012b0-3f13-11e8-84e3-005056827e52  |y Digitalizovaný dokument  |x NDK 
910 2 |a BOA001  |b 4-1281.372 
990 |a BK 
995 |a 01 
991 |b 201203  |c NOV  |e n 
996 6 |b 2610505123  |c 4-1281.372  |l MZK  |r Sklad / do 1 hodiny  |n 5  |p p.v.  |w 001234170  |u 000010  |a 1  |e BOA001  |j MZK50  |s P